000 00702nam a2200193Ia 4500
001 3203
003 GE_BSU
008 181216s||||||||xx |||||||||||||| ||und||
040 _cGE_BSU
080 _a91(030)=161.1
245 _aКраткая географическая энциклопедия.Энциклопедии,словари,справочники.Т.2. Евлах-Миллибар.
245 _cГл.ред. А.А.Григорьев.
260 _aМ.
260 _bСоветская энциклопедия.
260 _c1961.
300 _a592стр. с илл. и карт. 26см.
653 _aКраткая географическая энциклопедия.
942 _cBK
999 _c37244
_d37244